Statistics for Colour Quiz

Click here to take the quiz!

General Stats

  • This quiz has been taken 61 times
  • The average score is 13 of 21

Answer Stats

Answer% Correct
Red
100%
eeeYellow
100%
Black
98%
Pink
95%
Blue
93%
Orange
93%
eeePurple
93%
Brown
90%
Green
88%
White
88%
Maroon
74%
eeePeach
50%
Tan
45%
Silver
40%
Gold
38%
Turquoise
33%
Violet
33%
Salmon
19%
Burgundy
17%
Cream
14%
Fuchsia
10%

Score Distribution

Percentile by Number Answered

Percent of People with Each Score

Your Score History

You have not taken this quiz